|
|
|
|
| LEADER |
00000 a2200000 04500 |
| 001 |
10466 |
| 003 |
|
| 008 |
991231s d |
| 040 |
|
|
|
| 090 |
|
|
|a 136409
|
| 100 |
|
|
|a Rodríguez Vargas, Adrían G.
|
| 110 |
|
|
|a Costa Rica. Ministerio de Planificación Nacional y Política Económica. Proyecto Sistema Nacional para el Desarrollo Sostenible
|
| 245 |
|
|
|a Promoviendo un cambio de actitud hacia el desarrollo sostenible/
|c Costa Rica. Ministerio de Planificación Nacional y Política Económica. Proyecto Sistema Nacional para el Desarrollo Sostenible
|
| 260 |
|
|
|a San José:
|b MIDEPLAN
|
| 300 |
|
|
|a xxiii, 189 p.
|
| 650 |
|
|
|a TOMA DE DECISIONES
|
| 650 |
|
|
|a INFORMACION
|
| 650 |
|
|
|a DESARROLLO SUSTENTABLE
|
| 650 |
|
|
|a INDICADORES DE DESARROLLO
|
| 650 |
|
|
|a INSTITUCIONES PUBLICAS
|
| 650 |
|
|
|a MODELOS
|
| 650 |
|
|
|a INDICADORES DE DESARROLLO
|
| 700 |
|
|
|a Vega, Erica
|
| 710 |
|
|
|a Banco Interamericano de Desarrollo
|
| 999 |
|
|
|c 16220
|d 16220
|